000 01513nam a2200349 a 4500
001 ebr10381026
003 CaPaEBR
006 m u
007 cr cn|||||||||
008 100601s2010 njua s 001 0 eng d
010 _z 2010922557
020 _z9780470489628
020 _z9780470635919 (e-book)
040 _aCaPaEBR
_cCaPaEBR
035 _a(OCoLC)646173254
050 1 4 _aQA76.3
_b.A54 2010eb
100 1 _aAngelescu, Silviu.
245 1 0 _aCCNA certification all-in-one for dummies
_h[electronic resource] /
_cby Silviu Angelescu.
260 _aHoboken, N.J. :
_bWiley Pub., Inc.,
_c2010.
300 _axxv, 951 p. :
_bill.
490 1 _a--For dummies
500 _aIncludes index.
505 0 _abk. 1. Networking basics -- bk. 2. TCP/IP -- bk. 3. Switching with Cisco switches -- bk. 4. Routing with Cisco routers -- bk. 5. Wireless networks -- bk. 6. Network security -- bk. 7. Wide area networks (WAN).
533 _aElectronic reproduction.
_bPalo Alto, Calif. :
_cebrary,
_d2011.
_nAvailable via World Wide Web.
_nAccess may be limited to ebrary affiliated libraries.
650 0 _aElectronic data processing personnel
_xCertification.
650 0 _aComputer networks
_xExaminations
_vStudy guides.
650 0 _aRouters (Computer networks)
655 7 _aElectronic books.
_2local
710 2 _aebrary, Inc.
830 0 _a--For dummies.
856 4 0 _uhttp://site.ebrary.com/lib/rucke/Doc?id=10381026
_zAn electronic book accessible through the World Wide Web; click to view
999 _c207173
_d207173